[Event "ESP-chT"]
[Site "Barcelona"]
[Date "2000.08.12"]
[Round "8"]
[White "Argandona Riveiro, Inigo"]
[Black "Pariente Lopez, Francisco"]
[Result "0-1"]
[WhiteElo "2250"]
[BlackElo "2307"]
[PlyCount "100"]
[EventDate "2000.08.05"]
[EventType "team"]
[EventRounds "9"]
[EventCountry "ESP"]
[SourceTitle "CBM 077 Extra"]
[Source "ChessBase"]
[SourceDate "2000.09.14"]
[SourceVersion "1"]
[SourceVersionDate "2000.09.14"]
[SourceQuality "1"]

1. d4 Nf6 2. f3 d5 3. e4 dxe4 4. Nc3 Bf5 5. fxe4 Nxe4 6. Qf3 Nd6 7. Bf4 Qc8 8. Bxd6 cxd6 9. Bb5+ Bd7 10. Nh3 Bxb5 11. Nxb5 Nd7 12. 0-0 Nf6 13. Rae1 e6 14. Nf4 Be7 15. Nh5 0-0 16. Nxf6+ Bxf6 17. Qd3 d5 18. b3 Qd7 19. Re3 Be7 20. Nc3 Bd6 21. Rh3 g6 22. g4 f5 23. gxf5 Rxf5 24. Rxf5 gxf5 25. Nb5 Kh8 26. Nxd6 Rg8+ 27. Kf2 Qxd6 28. Qe3 Rg4 29. Qe5+ Qxe5 30. dxe5 Rf4+ 31. Kg2 Re4 32. Rc3 b5 33. Rc7 Rxe5 34. Kf2 d4 35. Rxa7 Rc5 36. Ke2 e5 37. Kd2 Rc3 38. Re7 e4 39. a4 bxa4 40. bxa4 Rh3 41. a5 Rxh2+ 42. Kc1 Rh6 43. Re5 e3 44. c3 f4 45. cxd4 f3 46. Re8+ Kg7 47. Re7+ Kg8 48. Re8+ Kg7 49. Re7+ Kg6 50. Rxe3 Rh1+ 0-1

[Event "Malaga op 1st"]
[Site "Malaga"]
[Date "1998.02.15"]
[Round "3"]
[White "Kurajica, Bojan"]
[Black "Pariente Lopez, Francisco"]
[Result "1-0"]
[WhiteElo "2580"]
[BlackElo "2290"]
[PlyCount "57"]
[EventDate "1998.02.13"]
[EventType "swiss"]
[EventRounds "9"]
[EventCountry "ESP"]
[SourceTitle "CBM 063 Extra"]
[Source "ChessBase"]
[SourceDate "1998.04.29"]
[SourceVersion "1"]
[SourceVersionDate "1998.04.29"]
[SourceQuality "1"]

1. d4 Nf6 2. Nf3 g6 3. g3 Bg7 4. Bg2 0-0 5. 0-0 d6 6. c4 Nc6 7. Nc3 Bf5 8. d5 Na5 9. Nd4 Bd7 10. b3 c5 11. Nc2 Rb8 12. Bd2 a6 13. e4 Ng4 14. Qe2 b5 15. Rab1 f5 16. exf5 Bxf5 17. Be4 Bd7 18. f4 Nh6 19. Bd3 Nf5 20. Ne4 bxc4 21. bxc4 Qc7 22. Ng5 Bf6 23. Ne6 Bxe6 24. Qxe6+ Kg7 25. Rxb8 Rxb8 26. Qe1 Nb7 27. g4 Bd4+ 28. Kh1 Nh6 29. f5 1-0

[Event "Malaga-ch"]
[Site "Malaga"]
[Date "1998.??.??"]
[Round "8"]
[White "Pariente Lopez, Francisco"]
[Black "Garcia Munoz, Juan Jose"]
[Result "1-0"]
[WhiteElo "2275"]
[BlackElo "2140"]
[PlyCount "107"]
[EventDate "1998.??.??"]
[EventType "swiss"]
[EventRounds "8"]
[EventCountry "ESP"]
[SourceTitle "EXT 2003"]
[Source "ChessBase"]
[SourceDate "2002.11.25"]
[SourceVersion "1"]
[SourceVersionDate "2002.11.25"]
[SourceQuality "1"]

1. e4 c5 2. Nf3 Nc6 3. d4 cxd4 4. Nxd4 g6 5. c4 Nf6 6. Nc3 d6 7. Be2 Nxd4 8. Qxd4 Bg7 9. Bg5 Qa5 10. Qd2 0-0 11. f3 Be6 12. Rc1 Rfc8 13. Nd5 Qxd2+ 14. Kxd2 Kf8 15. Nxf6 Bxf6 16. Bxf6 exf6 17. Bd3 a5 18. Rc3 Rc5 19. Ke3 Rac8 20. Rhc1 R8c6 21. f4 Rb6 22. b3 Ke7 23. Kd4 Bd7 24. a3 Rh5 25. h3 Bc6 26. Bf1 Rc5 27. b4 axb4 28. Rb3 Ra5 29. axb4 Ra4 30. Rcb1 f5 31. exf5 Kd8 32. f6 Bd7 33. b5 Be6 34. Rb4 Ra2 35. R1b2 Ra1 36. Be2 Kc7 37. Bf3 h5 38. g4 hxg4 39. hxg4 Rf1 40. Ke3 Rc1 41. g5 Rc3+ 42. Kf2 Bxc4 43. f5 Kd7 44. Be2 Bd5 45. Rd4 Rc5 46. Rbd2 Bb3 47. fxg6 fxg6 48. Rf4 Bf7 49. Re4 Be6 50. Rf4 Ke8 51. Bd3 Rxg5 52. Re2 Kf7 53. Rxe6 Re5 54. Bc4 1-0

[Event "Malaga-ch"]
[Site "Malaga"]
[Date "1998.??.??"]
[Round "3"]
[White "Rodriguez Sanchez, Antonio Jesus"]
[Black "Pariente Lopez, Francisco"]
[Result "0-1"]
[WhiteElo "2050"]
[BlackElo "2275"]
[PlyCount "72"]
[EventDate "1998.??.??"]
[EventType "swiss"]
[EventRounds "8"]
[EventCountry "ESP"]
[SourceTitle "EXT 2003"]
[Source "ChessBase"]
[SourceDate "2002.11.25"]
[SourceVersion "1"]
[SourceVersionDate "2002.11.25"]
[SourceQuality "1"]

1. e4 c5 2. Nf3 d6 3. d4 cxd4 4. Nxd4 Nf6 5. Nc3 g6 6. Be3 Bg7 7. f3 Nc6 8. Qd2 0-0 9. 0-0-0 d5 10. Kb1 Nxd4 11. e5 Nxf3 12. gxf3 Nd7 13. Nxd5 Bxe5 14. Bg5 Re8 15. Bb5 a6 16. Ba4 b5 17. Bb3 Rb8 18. Rhe1 Bd6 19. Re2 Bb7 20. Nxe7+ Bxe7 21. Bxe7 Rxe7 22. Rxe7 Qxe7 23. Qxd7 Re8 24. Qd3 Qe3 25. a3 Re7 26. Bd5 Qxd3 27. Rxd3 Bxd5 28. Rxd5 Re1+ 29. Ka2 Re2 30. Rd6 Rxh2 31. Rxa6 h5 32. Rb6 h4 33. Rxb5 h3 34. Rb4 g5 35. f4 g4 36. a4 Rg2 0-1

[Event "Malaga-chA"]
[Site "Malaga"]
[Date "1996.??.??"]
[Round "2"]
[White "Pariente Lopez, Francisco"]
[Black "Berrocal Ruiz, Valentin"]
[Result "1/2-1/2"]
[WhiteElo "2250"]
[BlackElo "2025"]
[PlyCount "41"]
[EventDate "1996.??.??"]
[EventType "swiss"]
[EventRounds "9"]
[EventCountry "ESP"]
[SourceTitle "EXT 2003"]
[Source "ChessBase"]
[SourceDate "2002.11.25"]
[SourceVersion "1"]
[SourceVersionDate "2002.11.25"]
[SourceQuality "1"]

1. e4 c5 2. Nf3 Nc6 3. d4 cxd4 4. Nxd4 Nf6 5. Nc3 e5 6. Ndb5 d6 7. Bg5 a6 8. Na3 b5 9. Nd5 Be7 10. Bxf6 Bxf6 11. c3 0-0 12. Bd3 Rb8 13. Nc2 Be6 14. Nce3 Bg5 15. 0-0 Ne7 16. Qc2 g6 17. a4 Bxe3 18. Nxe3 Qb6 19. axb5 axb5 20. b4 Ra8 21. Qe2 1/2-1/2

[Event "Malaga-chA"]
[Site "Malaga"]
[Date "1996.??.??"]
[Round "8"]
[White "Pariente Lopez, Francisco"]
[Black "Munoz Moreno, Francisco Javier"]
[Result "1/2-1/2"]
[WhiteElo "2250"]
[BlackElo "2290"]
[PlyCount "55"]
[EventDate "1996.??.??"]
[EventType "swiss"]
[EventRounds "9"]
[EventCountry "ESP"]
[SourceTitle "EXT 2003"]
[Source "ChessBase"]
[SourceDate "2002.11.25"]
[SourceVersion "1"]
[SourceVersionDate "2002.11.25"]
[SourceQuality "1"]

1. e4 c5 2. Nf3 d6 3. d4 Nf6 4. Nc3 cxd4 5. Nxd4 a6 6. f4 e5 7. Nf3 Qc7 8. Bd3 Nbd7 9. 0-0 b5 10. a3 Bb7 11. Qe1 g6 12. Kh1 Bg7 13. fxe5 dxe5 14. Qh4 0-0 15. Bh6 Nh5 16. Bxg7 Kxg7 17. Ng5 Nhf6 18. Nd1 h6 19. Nh3 Qc6 20. Nhf2 Nc5 21. Ne3 Nfxe4 22. Nfg4 h5 23. Nxe5 Qe6 24. Nf3 Rad8 25. Bxe4 Nxe4 26. Rae1 Qf6 27. Qxf6+ Nxf6 28. c4 1/2-1/2

[Event "ESP-chT"]
[Site "Cordoba"]
[Date "1995.??.??"]
[Round "2"]
[White "Brito Garcia, Alfredo"]
[Black "Pariente Lopez, Francisco"]
[Result "1/2-1/2"]
[WhiteElo "2360"]
[BlackElo "2180"]
[PlyCount "88"]
[EventDate "1995.??.??"]
[EventType "team"]
[EventRounds "9"]
[EventCountry "ESP"]
[SourceTitle "EXT 2000"]
[Source "ChessBase"]
[SourceDate "1999.11.16"]
[SourceVersion "1"]
[SourceVersionDate "1999.11.16"]
[SourceQuality "1"]

1. d4 Nf6 2. c4 c5 3. e3 g6 4. Nf3 Bg7 5. Be2 0-0 6. 0-0 cxd4 7. exd4 d5 8. Nc3 Nc6 9. h3 b6 10. Ne5 Nxe5 11. dxe5 Ne4 12. Nxd5 e6 13. Nf6+ Nxf6 14. Qxd8 Rxd8 15. Bg5 Bb7 16. exf6 h6 17. Bh4 Bh8 18. f4 Rd2 19. Rf2 Rad8 20. Bf1 Kh7 21. g4 Rxf2 22. Kxf2 Rd4 23. Be2 Rxf4+ 24. Ke3 g5 25. Bg3 Re4+ 26. Kf2 Bxf6 27. Bd3 Bxb2 28. Bxe4+ Bxe4 29. Rd1 f5 30. Bb8 Ba3 31. Bd6 Bb2 32. Bb8 Ba3 33. Be5 Bc5+ 34. Bd4 Bf8 35. Re1 Kg6 36. Rd1 Kf7 37. Be5 Bc5+ 38. Kf1 f4 39. Bd4 Bb4 40. Be5 Ke7 41. Ke2 Bc2 42. Rc1 Be4 43. Rd1 Bc2 44. Rc1 Be4 1/2-1/2

[Event "Malaga-ch"]
[Site "Malaga"]
[Date "1995.??.??"]
[Round "1"]
[White "Munoz Moreno, Francisco Javier"]
[Black "Pariente Lopez, Francisco"]
[Result "1/2-1/2"]
[WhiteElo "2320"]
[BlackElo "2220"]
[PlyCount "61"]
[EventDate "1995.??.??"]
[EventType "tourn"]
[EventRounds "11"]
[EventCountry "ESP"]
[SourceTitle "EXT 2003"]
[Source "ChessBase"]
[SourceDate "2002.11.25"]
[SourceVersion "1"]
[SourceVersionDate "2002.11.25"]
[SourceQuality "1"]

1. c4 g6 2. Nc3 Bg7 3. g3 e5 4. Bg2 f5 5. e3 Nc6 6. Nge2 d6 7. d3 Nf6 8. Rb1 a5 9. a3 0-0 10. 0-0 g5 11. f4 h6 12. b4 axb4 13. axb4 Qe8 14. b5 Nd8 15. Nd5 Nxd5 16. cxd5 b6 17. fxe5 Bxe5 18. d4 Bg7 19. Qd3 Bd7 20. Bd2 Nb7 21. Rfc1 Rc8 22. Rc2 Rf7 23. Ra2 Re7 24. Rb3 Ra8 25. Ra6 Rb8 26. Ra7 h5 27. Qc4 Bh6 28. Qd3 Kg7 29. Nc3 Na5 30. Rb1 Rc8 31. e4 1/2-1/2

[Event "Malaga-ch"]
[Site "Malaga"]
[Date "1995.??.??"]
[Round "10"]
[White "Pariente Lopez, Francisco"]
[Black "Mendoza Navas, Pedro"]
[Result "1-0"]
[WhiteElo "2220"]
[BlackElo "2070"]
[PlyCount "69"]
[EventDate "1995.??.??"]
[EventType "tourn"]
[EventRounds "11"]
[EventCountry "ESP"]
[SourceTitle "EXT 2003"]
[Source "ChessBase"]
[SourceDate "2002.11.25"]
[SourceVersion "1"]
[SourceVersionDate "2002.11.25"]
[SourceQuality "1"]

1. c4 Nf6 2. Nc3 e6 3. e4 d5 4. cxd5 exd5 5. e5 d4 6. exf6 dxc3 7. Qe2+ Be6 8. dxc3 Qxf6 9. Qb5+ Nd7 10. Nf3 Qf5 11. Qxb7 Bd5 12. Qb5 Bc5 13. Be2 0-0 14. 0-0 Rab8 15. Qd3 Be4 16. Qd2 Rfe8 17. b4 Bd6 18. Qg5 Nf6 19. Qxf5 Bxf5 20. Nd4 Be5 21. Nxf5 Bxc3 22. Be3 Bxa1 23. Rxa1 Nd5 24. a3 g6 25. Bf3 Rbd8 26. Nd4 Nxe3 27. fxe3 Rxe3 28. Nc6 Rdd3 29. a4 Rc3 30. Nxa7 Ra3 31. Rxa3 Rxa3 32. Bc6 Kf8 33. a5 Ke7 34. Nb5 Rb3 35. a6 1-0

[Event "ESP-chT"]
[Site "Cordoba"]
[Date "1995.??.??"]
[Round "5"]
[White "Pariente Lopez, Francisco"]
[Black "Nava Pereda, Carlos"]
[Result "0-1"]
[WhiteElo "2180"]
[BlackElo "2335"]
[PlyCount "54"]
[EventDate "1995.??.??"]
[EventType "team"]
[EventRounds "9"]
[EventCountry "ESP"]
[SourceTitle "EXT 2000"]
[Source "ChessBase"]
[SourceDate "1999.11.16"]
[SourceVersion "1"]
[SourceVersionDate "1999.11.16"]
[SourceQuality "1"]

1. e4 c5 2. Nf3 Nc6 3. d4 cxd4 4. Nxd4 g6 5. c4 Bg7 6. Be3 Nf6 7. Nc3 Ng4 8. Qxg4 Nxd4 9. Qd1 e5 10. Nb5 0-0 11. Nxd4 exd4 12. Bxd4 Qa5+ 13. Ke2 Re8 14. f3 d5 15. Bxg7 Rxe4+ 16. Kd3 Rxc4 17. Bc3 Bf5+ 18. Kd2 Rd4+ 19. Ke1 Rxd1+ 20. Rxd1 Qc5 21. Rd4 b5 22. Kd2 Re8 23. a3 a5 24. g4 b4 25. axb4 axb4 26. gxf5 bxc3+ 27. bxc3 Rc8 0-1

[Event "Malaga-ch"]
[Site "Malaga"]
[Date "1995.??.??"]
[Round "4"]
[White "Pariente Lopez, Francisco"]
[Black "Rodriguez Sanchez, Antonio Jesus"]
[Result "1-0"]
[WhiteElo "2220"]
[BlackElo "2125"]
[PlyCount "43"]
[EventDate "1995.??.??"]
[EventType "tourn"]
[EventRounds "11"]
[EventCountry "ESP"]
[SourceTitle "EXT 2003"]
[Source "ChessBase"]
[SourceDate "2002.11.25"]
[SourceVersion "1"]
[SourceVersionDate "2002.11.25"]
[SourceQuality "1"]

1. Nf3 Nf6 2. c4 g6 3. Nc3 Bg7 4. d4 0-0 5. g3 d6 6. Bg2 Nbd7 7. 0-0 e5 8. e4 exd4 9. Nxd4 Re8 10. h3 Nc5 11. Re1 a5 12. Rb1 Bd7 13. b3 Qc8 14. Kh2 Re5 15. g4 Nxg4+ 16. hxg4 Bxg4 17. f3 Rh5+ 18. Kg1 Bh3 19. Nd5 Qd7 20. Nf4 Bxd4+ 21. Qxd4 Ne6 22. Nxh5 1-0

[Event "Malaga-ch"]
[Site "Malaga"]
[Date "1993.??.??"]
[Round "9"]
[White "Duran Leon, Ramon"]
[Black "Pariente Lopez, Francisco"]
[Result "1/2-1/2"]
[WhiteElo "2190"]
[BlackElo "2140"]
[PlyCount "86"]
[EventDate "1993.??.??"]
[EventType "swiss"]
[EventRounds "9"]
[EventCountry "ESP"]
[SourceTitle "EXT 2003"]
[Source "ChessBase"]
[SourceDate "2002.11.25"]
[SourceVersion "1"]
[SourceVersionDate "2002.11.25"]
[SourceQuality "1"]

1. e4 c5 2. Nf3 e6 3. d4 cxd4 4. Nxd4 Nf6 5. Bd3 e5 6. Nb3 d5 7. exd5 Qxd5 8. 0-0 Nc6 9. Nc3 Qd8 10. Bg5 Be7 11. h3 h6 12. Bh4 0-0 13. Bxf6 Bxf6 14. Qe1 Nd4 15. Nxd4 exd4 16. Qe4 Bf5 17. Qxf5 g6 18. Qf3 dxc3 19. b3 Qb6 20. Rfe1 Rae8 21. Re4 Rxe4 22. Qxe4 Kg7 23. Re1 a5 24. a4 Qc6 25. Qxc6 bxc6 26. Re4 c5 27. Kf1 Rd8 28. Ke2 Rd7 29. Re8 Re7+ 30. Rxe7 Bxe7 31. Bb5 g5 32. Kd3 Bf6 33. g4 Kf8 34. Kc4 Kg7 35. Kxc5 Be7+ 36. Kd5 Kf6 37. Bc4 Bb4 38. Kd4 Kg7 39. Ke5 f6+ 40. Ke6 Bc5 41. Kd5 Bb4 42. Ke4 Bd6 43. Kf5 Bb4 1/2-1/2